<?xml version="1.0" encoding="UTF-8"?>
<collection xmlns="http://www.loc.gov/MARC21/slim">
  <record>
    <leader>00000nam  2200000   4500</leader>
    <controlfield tag="001">INLIS000000000008810</controlfield>
    <controlfield tag="005">20200619104109</controlfield>
    <datafield tag="035" ind1="#" ind2="#">
      <subfield code="a">0010-0620000096</subfield>
    </datafield>
    <controlfield tag="007">ta</controlfield>
    <controlfield tag="008">200619################g##########0#ind##</controlfield>
    <datafield tag="082" ind1="#" ind2="#">
      <subfield code="a">037.72</subfield>
    </datafield>
    <datafield tag="084" ind1="#" ind2="#">
      <subfield code="a">037.72 MUB n</subfield>
    </datafield>
    <datafield tag="100" ind1=" " ind2="#">
      <subfield code="a">Mubyarto</subfield>
    </datafield>
    <datafield tag="245" ind1="1" ind2="#">
      <subfield code="a">Nelayan dan Kemiskinan: Studi Ekonomi Antropologi di Dua Desa Pantai /</subfield>
      <subfield code="c">Mubyarto</subfield>
    </datafield>
    <datafield tag="250" ind1="#" ind2="#">
      <subfield code="a">Cet.1</subfield>
    </datafield>
    <datafield tag="260" ind1="#" ind2="#">
      <subfield code="a">Jakarta :</subfield>
      <subfield code="b">CV. Rajawali,</subfield>
      <subfield code="c">1984</subfield>
    </datafield>
    <datafield tag="300" ind1="#" ind2="#">
      <subfield code="a">ix, 195 hal. :</subfield>
      <subfield code="b">ilus ;</subfield>
      <subfield code="c">21 cm</subfield>
    </datafield>
    <datafield tag="650" ind1="#" ind2="#">
      <subfield code="a">1. Antropologi, 2.Ekonomi, 3.desa</subfield>
    </datafield>
    <datafield tag="700" ind1=" " ind2="#">
      <subfield code="a">Soetrisno, Loekman</subfield>
    </datafield>
    <datafield tag="700" ind1=" " ind2="#">
      <subfield code="a">Dove, Michael</subfield>
    </datafield>
    <datafield tag="520" ind1="#" ind2="#">
      <subfield code="a">Masalah kemiskinan pedesaan di negara yang sedang berkembang merupakan masalah yang cukup rumit meskipun kebanyakan negara-negara ini sudah berhasil melaksaanakan pembangunan ekonimi. Pada umumnya ekonomi dengan tekanan upaya-upaya mencapai tingkat pertumbuhan produksi dan pendapatan nasional yang setinggi-tingginya, telah banyak menunjukkan keberhasilan. Namun pada saat yang bersamaan biasana terjadi peningkatan dalam ketimpangan distribusi pendapatan antara kelompok kaya dan miskin yang berarti meningkatnya kemiskinan relatif. Bertambahnya kemiskinan relatif inilah yang merupakan masalah menonjol yang memerlukan penanganan serius bila suatu negara ingin mewujudkan kemakmran yang merata. Buku ini merupakan hasil penelitian yang berusaha mengenali dan menganalisa maslah pembangunan manusia di dua desa nelayan di Kabupaten Jepara dengan menggunakan pendekatan yang di Indonesia termasuk relatif baru, yaitu pendekatan ekonomi antropologi dan trans-disiplin.</subfield>
    </datafield>
    <datafield tag="856" ind1="#" ind2="#">
      <subfield code="a">Perpustakaan Lembaga Administrasi Negara</subfield>
    </datafield>
    <datafield tag="990" ind1="#" ind2="#">
      <subfield code="a">26185</subfield>
    </datafield>
  </record>
</collection>
